• 首页
  • 本馆介绍
  • 公告通知
  • 最新文献
  • 馆藏检索
  • 电子资源
  • 读者导购
  • 参考咨询
  • 我的图书馆
  • 登录
  • 详细信息显示
  • 放入我的书架
  • 预约/预借图书
  • 作者相关作品
  • 分类相关作品
  • 丛书相关作品
  • 出版社相关作品

书目信息

  • 表格格式
  • 工作单格式
  • 卡片格式
题名:
逻辑思维与口才
    
 
作者: 陈浩宇 著
分册:  
出版信息: 北京   中国友谊出版公司  2021.2
页数: 209页
开本: 21cm
丛书名:
单 册:
中图分类: B804.1
科图分类:
主题词: 逻辑思维--luo ji si wei--关系--口才学--研究
电子资源:
ISBN: 978-7-5057-5105-7
000 00882nam0 2200241 450
001 2158000060
005 20211011172911.0
010    @a978-7-5057-5105-7@dCNY42.00
100    @a20210615d2021 em y0chiy0120 ea
101 0  @achi
102    @aCN@b110000
105    @ay z 000yy
106    @ar
200 1  @a逻辑思维与口才@Aluo ji si wei yu kou cai@f陈浩宇著
210    @a北京@c中国友谊出版公司@d2021.2
215    @a209页@d21cm
300    @a斯坦威图书
330    @a本书介绍了八种思维方式——逻辑思维、应变思维、形象思维、创新思维、发散思维、聚敛思维、模拟思维、逆向思维,并告诉我们如何在表达时运用这些思维,创造出独具魅力、清晰流畅、引人入胜的说话风格,从而提升沟通质量、提高交际能力。
606 0  @a逻辑思维@Aluo ji si wei@x关系@x口才学@x研究
690    @aB804.1@v5
701  0 @a陈浩宇@Achen hao yu@4著
801  0 @aCN@b百万庄@c20211007
905    @b1306233-36@dB804.1@e177@f4
    
    逻辑思维与口才/陈浩宇著.-北京:中国友谊出版公司,2021.2
    209页;21cm
    斯坦威图书
    
    ISBN 978-7-5057-5105-7:CNY42.00
    本书介绍了八种思维方式——逻辑思维、应变思维、形象思维、创新思维、发散思维、聚敛思维、模拟思维、逆向思维,并告诉我们如何在表达时运用这些思维,创造出独具魅力、清晰流畅、引人入胜的说话风格,从而提升沟通质量、提高交际能力。
●
相关链接 在E读中查询图书 在五车中查询图书 在当当中查询图书 在豆瓣中查询图书


正题名:逻辑思维与口才     索取号:B804.1/177         预约/预借

序号 登录号 条形码 馆藏地/架位号 状态 备注
1 1306233   213062335   第一样本阅览室/ [索取号:B804.1/177] 在馆    
2 1306234   213062344   第一借阅区/ [索取号:B804.1/177] 在馆    
3 1306235   213062353   第一借阅区/ [索取号:B804.1/177] 在馆    
4 1306236   213062362   第一借阅区/ [索取号:B804.1/177] 在馆    
唐山师范学院图书馆 欢迎您!
大连网信软件有限公司© 版权所有